| 000 | 01468cam a2200241 4500 | ||
|---|---|---|---|
| 001 | ABS65018 | ||
| 008 | 020130n2001 000 0 eng u | ||
| 035 | _a(Sirsi) u116546 | ||
| 100 | _aMort, J | ||
| 245 | _aAvoiding payment of an adjudicator's decision | ||
| 260 | _c2001 | ||
| 490 |
_aNew Law Journal _v151(7011) 7 December 2001, 1821-1822(2) |
||
| 520 | _aDiscusses the issue of paying parties in arbitration cases trying to avoid the enforcement of the adjudicator's decision, with particular reference to the cases "VHE Construction v RBSTB Trust" and "McLean Contractors v Swansea Housing Association" which gave conflicting judgments on this issue. Concludes that the differences can be reconciled by viewing the role of the adjudicator; in the VHE case he acts more as a arbitrator or a judge while in McLeans he is more a contract administrator. | ||
| 590 | _aABS | ||
| 650 | _aVHE CONSTRUCTION PLC V RBSTB TRUST CO LTD | ||
| 650 | _aMCLEAN CONTRACTORS V SWANSEA HOUSING ASSOCIATION | ||
| 650 | _aMANAGEMENT-DISPUTE AVOIDANCE, MANAGEMENT AND RESOLUTION-DISPUTE MANAGEMENT AND RESOLUTION-ALTERNATIVE DISPUTE RESOLUTION-ADJUDICATION-ADJUDICATION AWARDS | ||
| 650 | _aMANAGEMENT-DISPUTE AVOIDANCE, MANAGEMENT AND RESOLUTION-DISPUTE MANAGEMENT AND RESOLUTION-ALTERNATIVE DISPUTE RESOLUTION-ADJUDICATION | ||
| 650 | _aBUILT ENVIRONMENT-BUILDING CONTRACT FORMS | ||
| 650 | _aCONTRACT DISPUTES | ||
| 690 |
_aDispute resolution _96236 |
||
| 942 | _n0 | ||
| 999 |
_c69401 _d69401 |
||